Diplomatic soldiering the conduct of Nigerian foreign policy ,1975-1979

Guardat en:
Dades bibliogràfiques
Autor principal: GARBA, Joe
Format: Llibre
Idioma:anglès
Publicat: Spectrum Books 1991
Etiquetes: Afegir etiqueta
Sense etiquetes, Sigues el primer a etiquetar aquest registre!

MARC

LEADER 00000nam a22000007a 4500
008 210126b ||||| |||| 00| 0 eng d
020 |a 978-246-115-6 
100 |a GARBA, Joe 
245 |a Diplomatic soldiering  |b  the conduct of Nigerian foreign policy ,1975-1979  |c Joe Garba  |g xxii, 268p 
260 |b Spectrum Books  |c 1991  |d Books  |h Ibadan:  |i 671247   |l DT515.6 .G2G161  |m Garba, Joseph Nanven  |m Nigeria – Foreign relations – 1975-1979  |m Nigeria – Politics and government 1975-1979 
942 |a lcc  |c BK  |e Adekanye I. H.  |f 26/01/2021 
952 |0 0  |1 0  |2 lcc  |4 0  |6 DT05156 G2 G161  |7 0  |9 1892  |a HOL  |b HOL  |c AF  |d 2021-01-26  |l 0  |o DT515.6 .G2G161  |p 2021-5759  |r 2021-01-26 00:00:00  |w 2021-01-26  |y BK 
999 |c 996  |d 996